| 000 | 00684nam a2200229 i 4500 | ||
|---|---|---|---|
| 003 | DO-SdBNP | ||
| 005 | 20230502154013.0 | ||
| 007 | ta | ||
| 008 | 210406b2018 dr ||||| |||| 00| 0 spa d | ||
| 040 | 4 |
_aDO-SdBNP _bspa _cBNPHU _erda |
|
| 082 | 4 |
_a261 V649c _bV649c _222 |
|
| 100 | 1 |
_aVidal, Javier _978313 |
|
| 245 | 1 | 0 |
_aCorrupción, movimiento social y compromiso cristiano / _cJavier Vidal |
| 264 |
_aSanto Domingo : _bCompañúa de Jesús, _c2018. |
||
| 300 |
_a28 páginas ; _c25 cm. |
||
| 590 | _aInventariado,2021 / SA | ||
| 650 | 4 |
_aMovimiento social _978431 |
|
| 650 | 4 |
_aGuía cristiana _978315 |
|
| 650 | 4 |
_aCompromiso cristiano _978316 |
|
| 910 | _aS/A | ||
| 942 |
_2ddc _cLF2 |
||
| 999 |
_c49707 _d49707 |
||